<?xml version="1.0" encoding="UTF-8"?>
<record
    xmlns:xsi="http://www.w3.org/2001/XMLSchema-instance"
    xsi:schemaLocation="http://www.loc.gov/MARC21/slim http://www.loc.gov/standards/marcxml/schema/MARC21slim.xsd"
    xmlns="http://www.loc.gov/MARC21/slim">

  <leader>00453    a2200109   4500</leader>
  <controlfield tag="001">ART_58909</controlfield>
  <controlfield tag="005">20260410162051.0</controlfield>
  <controlfield tag="008">260409a                                 </controlfield>
  <datafield tag="245" ind1="1" ind2="0">
    <subfield code="a">Fiscalidad internacional del desarrollo de software y actividades vinculadas. La dif&#xED;cil situaci&#xF3;n del profesional / t&#xE9;cnico argentino frente a la alta tentaci&#xF3;n de la plaza uruguaya</subfield>
  </datafield>
  <datafield tag="100" ind1="1" ind2=" ">
    <subfield code="a">Carbone, Sergio</subfield>
  </datafield>
  <datafield tag="773" ind1="0" ind2=" ">
    <subfield code="t">Impuestos</subfield>
    <subfield code="g">- N&#xB0; 152 (jul. 2023)</subfield>
    <subfield code="w">REV45175</subfield>
  </datafield>
  <datafield tag="999" ind1=" " ind2=" ">
    <subfield code="c">35796</subfield>
    <subfield code="d">35796</subfield>
  </datafield>
</record>
